000 00355nam a2200145Ia 4500
005 20251222144836.0
008 251222s9999||||xx |||||||||||||| ||spa||
020 _a8422010135
082 _a922.22/R33
100 _aRecondo, José M.
245 0 _aSan Francisco Javier
250 _a1ra.ed.
264 _bBiblioteca de Autores Católicos
942 _cLIB
999 _c21025
_d21025